00611nam a22001937a 450000500170000001000150001702000260003203500140005803700100007208200150008210000180009724500920011525000060020726000420021327001070025530000200036270000290038276000060041120250602164018.0 aENG-145151 a9789392568831c400.00 aEN-128683 bDBAD  a346.04821 aSharma, Divya aNational COnference on Intellectual Property Rights/cDivya Sharma [and] Shraddha Verma a1 aChhattisgrahbAditi Publicationc2023 a Opp. New Panchajanya Vidya Mandir, Near Tiranga Chowk, Kushalpur,RaipurbChhattisgrahk+91 9425210308 a109p.c20cm(pb) aVerma, Shraddha eAuthor b1